Регионална библиотека "Любен Каравелов" - Русе

Смъртта на Ахил (Запис номер 102361)

MARC детайли
000 -Лидер
Контролно поле с фиксирана дължина 01621nam a2200361 c 4500
003 - Код на организацията, давaща контролен номер
Контролно поле BLK
005 - Дата и час на последна редакция
Контролно поле 20180422105448.0
008 - Елементи от данни с фиксирана дължина
fixed length control field 180409b bul|||||r ||||||| ||bul||
010 ## - Наследен системен номер
LC control number KNG00107427000
020 ## - Международен стандартен номер на книга ISBN
Международен стандартен номер на книга ISBN 954-9745-58-9
-- издат.: Еднорог
040 ## - Източник на каталожния запис
Идентификатор на билиотеката - собственик на записа BLK
041 ## - Код за език
Код за езика на текст/звукозапис или на отделно заглавие Български
Код за езика КДБФ Български
080 ## - УДК
Текстов определител УДК Руска литература
УДК код - определител по УДК 821.161.1
УДК определител -312.4
УДК - код + определител 821.161.1-312.4
100 1# - Редна дума - Автор
Автор Акунин, Борис
Авторска отговорност първи автор
Автор - информация (биография) Чхартишвили, Григорий Шалвович
R(LIN) 29916
139 ## - Редно поле
Редна дума Акунин, Борис
Авторски знак Акт - А 45
245 10 - Сведения за заглавието
Заглавие Смъртта на Ахил
Подзаглавни данни Роман
Редно поле (дума) Борис Акунин; прев. от рус. София Азариева Бранц; * Григорий Шалвович Чхартишвили.
257 ## - Страна на издаване
Страна на създаване/издаване Русия
260 ## - Област на издателските данни
-- София
Име на издателя, разпространителя и проч. Еднорог
Година на издаване 2003
Печатница София : Дракон
300 ## - Физическа характеристика
Страници 336 с.
Размери/Мащаб 20 см
380 ## - Жанр
Жанр Худож. лит.
490 1# - СЕРИИ (Колекции)
Име на серия Поредица Приключенията на Ераст Фандорин
500 ## - Общи забележки
Забележка Истинското име на авт. е Григорий Шалвович Чхартишвили. - Ориг. загл. Смерть Ахиллеса / B. Akunin. - Офс. изд.
653 ## - Ключова дума – ненормативна
Ключова дума романи
653 ## - Ключова дума – ненормативна
Ключова дума Ераст Фандорин
653 ## - Ключова дума – ненормативна
Ключова дума трилъри
700 1# - Други автори (авторска отговорност)
Лично име Бранц, София Азариева
Автороска отговорност (Описва отношението между автора и произведението) прев. от рус.
9 (RLIN) 364087
700 1# - Други автори (авторска отговорност)
Лично име Чхартишвили, Григорий Шалвович
Автороска отговорност (Описва отношението между автора и произведението) *
9 (RLIN) 372450
852 ## - Местоположение
Форматна сигнатура Цб 215691
856 4# - Електронен адрес и достъп
Електронен формат pdf - файл
Път до файла /url/
856 4# - Електронен адрес и достъп
Електронен формат pdf - файл
Път до файла /url/
942 ## - АРТИКУЛИ
Вид на библиотечния материал Книги
Скрит в OPAC Не
944 ## - СЪЗДАВАНЕ И РЕДАКЦИЯ на ЗАПИСА
Създаване/Редакция Създаване
Дата на регистрацията/редакция 04.08.2003
Служител, извършил регистрацията/редакцията Людмила_Стоянова
944 ## - СЪЗДАВАНЕ И РЕДАКЦИЯ на ЗАПИСА
Създаване/Редакция Редакция
Дата на регистрацията/редакция 13.07.2005
Служител, извършил регистрацията/редакцията
999 ## - СИСТЕМНИ КОНТРОЛНИ НОМЕРА
Koha biblionumber 102361
Koha biblioitemnumber 102361
Наличности
Код за отписване Код за изгубен артикул Източник на класификационната схема Код за повреда Коз за рестрикции Код за отдаване Артикулен № Име на библиотеката - собственик Име на библиотеката, в която се намира в момента Статус (Текущо местоположение) Дата на вписване в системата Местоположение - отдел Цена в лева Инвентарен номер Систематично азбучна сигнатура Баркод Номер на екземпляра Цена в евро Служебна бележка Служебен тип на артикула
Изтеглен Не е изгубен Universal Decimal Classification Не е повреден без рестрикции заемане за дома 165351 Регионална библиотека "Любен Каравелов" Русе Регионална библиотека "Любен Каравелов" Русе Заемна - подръчен фонд 2003-08-04 Заемна - подръчен фонд 7.50 120000678110 П 882-31/А 45 120000678110 1 3.83 Дост: Pk Вид: Ф N: 25 Дата: 04.08.2003 Книги
Изтеглен Не е изгубен Universal Decimal Classification Не е повреден без рестрикции заемане за дома 165352 Регионална библиотека "Любен Каравелов" Русе Регионална библиотека "Любен Каравелов" Русе Заемна - подръчен фонд 2003-08-07 Заемна - подръчен фонд 7.50 120000678122 П 882-31/А 45 120000678122 2 3.83 Дост: Pk Вид: Ф N: 16262 Дата: 05.08.2003 Книги
  Не е изгубен   Не е повреден без рестрикции ползва се в читалня 165353 Регионална библиотека "Любен Каравелов" Русе Регионална библиотека "Любен Каравелов" Русе Хранилище 2004-08-11 Хранилище 7.50 120000687500 Цб 215691 120000687500 3 3.83 Дост: Dp Вид: Д N: 43 Дата: 15.10.2003 Книги
Vip Innovations Ltd, Rousse, Bulgaria 2025